| 000 | 00537nam a2200193Ia 4500 | ||
|---|---|---|---|
| 005 | 20250924124155.0 | ||
| 008 | 231207s9999 xx 000 0 und d | ||
| 020 | _a9788130702247 | ||
| 040 | _cPK-LaNCA | ||
| 082 |
_a780.7 _bTEA |
||
| 100 | _aGiddings, Thaddeus(Editor) | ||
| 245 | 0 |
_aThe Teacher's Book _cEdited by Thaddeus Giddings |
|
| 260 |
_bCosmo Publications _aNew Delhi _c2006 |
||
| 300 | _aiii, 157p | ||
| 500 | _aCosmo music education series | ||
| 546 | _aEnglish | ||
| 650 | _aMusic--Education., Music. | ||
| 942 | _cMUSIC | ||
| 999 |
_c27326 _d27326 |
||